| 000 | 00663nam a22001937a 4500 | ||
|---|---|---|---|
| 003 | OSt | ||
| 005 | 20160531140324.0 | ||
| 008 | 131002t xxu||||| |||| 00| 0 eng d | ||
| 020 | _a9789719376613 | ||
| 050 |
_aHD 31 _b.F773 2007 |
||
| 082 |
_aGLT 658 _bF82 2007 |
||
| 245 |
_aThe 4 GEMS (Goal-setting, executing, measuring, sustaining) of management : basic principles of management / _cedited by Orlando S. Zorilla, FPM , Nicanor A. Matias, Ph.D. |
||
| 260 |
_aPasig City, Philippines : _bThe Philcoman Foundation, Inc, _c2007 |
||
| 300 |
_a227 p. : _bill. ; _c28 cm. |
||
| 650 |
_aManagement _9446 |
||
| 942 |
_2lcc _cBK |
||
| 999 |
_c12627 _d12627 |
||